000 00583nam a2200193Ia 4500
005 20250508163521.0
008 008 250505s9999 xx 000 0 hin d
037 _aDissertations
040 _aFEDL
_beng
_cFEDL
041 _ahin
_2eng
084 _a407, GUP/DI
_qFEDL
100 _aGupta Kamal
245 0 _aAhindi-bhashi vidyalayon mein hindi-bhasha-shikshan ki samasyaon ka addhyan (Delhi ke sandarbh mein)
260 _c1996
300 _a97p.
546 _aM.Ed. Dissertation (Delhi University)
942 _cDIS
_h407, GUP/DI
999 _c1383844
_d1383844